000 00483nam a2200181Ia 4500
001 13791
005 20260306164827.0
008 260306t2022||||xx |||||||||||||| ||spa||
041 _aESP
082 _a005.2
_bT891
100 _aTyagi, Priyanka,
_eAUT
245 0 _aPragmatic flutter :
_bbuilding cross-platform mobile apps for android, ios, web & desktop
260 _c2022
300 _a337 páginas :
_c24 cm.
650 _aGEN
654 _aCCC
942 _cLIB
_dJUS
_fJUS
_2ddc
_n
999 _c13791
_d13791